<?xml version="1.0" encoding="UTF-8"?>
<record
    xmlns:xsi="http://www.w3.org/2001/XMLSchema-instance"
    xsi:schemaLocation="http://www.loc.gov/MARC21/slim http://www.loc.gov/standards/marcxml/schema/MARC21slim.xsd"
    xmlns="http://www.loc.gov/MARC21/slim">

  <leader>00324nam a22001457a 4500</leader>
  <datafield tag="020" ind1=" " ind2=" ">
    <subfield code="a">9780195681109</subfield>
  </datafield>
  <datafield tag="082" ind1=" " ind2=" ">
    <subfield code="a">547.5</subfield>
    <subfield code="b">GRO</subfield>
  </datafield>
  <datafield tag="100" ind1=" " ind2=" ">
    <subfield code="a">Grossel,Martin</subfield>
    <subfield code="9">297</subfield>
  </datafield>
  <datafield tag="245" ind1=" " ind2=" ">
    <subfield code="a">Alicyclic Chemistry</subfield>
  </datafield>
  <datafield tag="250" ind1=" " ind2=" ">
    <subfield code="a">1st.</subfield>
  </datafield>
  <datafield tag="260" ind1=" " ind2=" ">
    <subfield code="a">London</subfield>
    <subfield code="b">Oxford Chemistry Primers</subfield>
    <subfield code="c">1997</subfield>
  </datafield>
  <datafield tag="300" ind1=" " ind2=" ">
    <subfield code="a">96 p</subfield>
  </datafield>
  <datafield tag="650" ind1=" " ind2=" ">
    <subfield code="a">chemistry</subfield>
  </datafield>
  <datafield tag="942" ind1=" " ind2=" ">
    <subfield code="c">BK</subfield>
  </datafield>
  <datafield tag="999" ind1=" " ind2=" ">
    <subfield code="c">2954</subfield>
    <subfield code="d">2954</subfield>
  </datafield>
  <datafield tag="952" ind1=" " ind2=" ">
    <subfield code="0">0</subfield>
    <subfield code="1">0</subfield>
    <subfield code="7">0</subfield>
    <subfield code="8">NFIC</subfield>
    <subfield code="a">IC</subfield>
    <subfield code="b">IC</subfield>
    <subfield code="c">GEN</subfield>
    <subfield code="d">2016-01-06</subfield>
    <subfield code="g">435.00</subfield>
    <subfield code="l">1</subfield>
    <subfield code="o">547.5 GRO</subfield>
    <subfield code="p">006593</subfield>
    <subfield code="r">2022-11-17 00:00:00</subfield>
    <subfield code="s">2016-01-06</subfield>
    <subfield code="w">2016-01-06</subfield>
    <subfield code="y">BK</subfield>
  </datafield>
  <datafield tag="952" ind1=" " ind2=" ">
    <subfield code="0">0</subfield>
    <subfield code="1">0</subfield>
    <subfield code="7">0</subfield>
    <subfield code="8">NFIC</subfield>
    <subfield code="a">IC</subfield>
    <subfield code="b">IC</subfield>
    <subfield code="c">GEN</subfield>
    <subfield code="d">2016-01-28</subfield>
    <subfield code="g">435.00</subfield>
    <subfield code="l">1</subfield>
    <subfield code="o">547.5 GRO            </subfield>
    <subfield code="p">005872</subfield>
    <subfield code="r">2024-12-08 11:59:57</subfield>
    <subfield code="s">2024-11-23</subfield>
    <subfield code="w">2016-01-28</subfield>
    <subfield code="y">BK</subfield>
  </datafield>
  <datafield tag="952" ind1=" " ind2=" ">
    <subfield code="0">0</subfield>
    <subfield code="1">0</subfield>
    <subfield code="7">0</subfield>
    <subfield code="8">NFIC</subfield>
    <subfield code="a">IC</subfield>
    <subfield code="b">IC</subfield>
    <subfield code="c">GEN</subfield>
    <subfield code="d">2016-10-27</subfield>
    <subfield code="g">435.00</subfield>
    <subfield code="l">0</subfield>
    <subfield code="o">547.5 GRO</subfield>
    <subfield code="p">005494</subfield>
    <subfield code="r">2022-11-17 00:00:00</subfield>
    <subfield code="w">2016-10-27</subfield>
    <subfield code="y">BK</subfield>
  </datafield>
  <datafield tag="952" ind1=" " ind2=" ">
    <subfield code="0">0</subfield>
    <subfield code="1">0</subfield>
    <subfield code="7">0</subfield>
    <subfield code="8">NFIC</subfield>
    <subfield code="a">IC</subfield>
    <subfield code="b">IC</subfield>
    <subfield code="c">GEN</subfield>
    <subfield code="d">2016-10-29</subfield>
    <subfield code="g">435.00</subfield>
    <subfield code="l">0</subfield>
    <subfield code="o">547.5 GRO</subfield>
    <subfield code="p">006332</subfield>
    <subfield code="r">2022-11-17 00:00:00</subfield>
    <subfield code="w">2016-10-29</subfield>
    <subfield code="y">BK</subfield>
  </datafield>
  <datafield tag="952" ind1=" " ind2=" ">
    <subfield code="0">0</subfield>
    <subfield code="1">0</subfield>
    <subfield code="7">0</subfield>
    <subfield code="8">NFIC</subfield>
    <subfield code="a">IC</subfield>
    <subfield code="b">IC</subfield>
    <subfield code="c">GEN</subfield>
    <subfield code="d">2016-10-29</subfield>
    <subfield code="g">435.00</subfield>
    <subfield code="l">0</subfield>
    <subfield code="o">547.5 GRO</subfield>
    <subfield code="p">005095</subfield>
    <subfield code="r">2016-10-29 00:00:00</subfield>
    <subfield code="w">2016-10-29</subfield>
    <subfield code="y">REF</subfield>
  </datafield>
  <datafield tag="952" ind1=" " ind2=" ">
    <subfield code="0">0</subfield>
    <subfield code="1">0</subfield>
    <subfield code="7">0</subfield>
    <subfield code="8">NFIC</subfield>
    <subfield code="a">IC</subfield>
    <subfield code="b">IC</subfield>
    <subfield code="c">GEN</subfield>
    <subfield code="d">2025-11-22</subfield>
    <subfield code="g">435.00</subfield>
    <subfield code="l">0</subfield>
    <subfield code="o">547.5 GRO</subfield>
    <subfield code="p">005873</subfield>
    <subfield code="r">2025-11-22 14:34:25</subfield>
    <subfield code="w">2025-11-22</subfield>
    <subfield code="y">BK</subfield>
  </datafield>
  <datafield tag="952" ind1=" " ind2=" ">
    <subfield code="0">0</subfield>
    <subfield code="1">0</subfield>
    <subfield code="7">0</subfield>
    <subfield code="8">NFIC</subfield>
    <subfield code="a">IC</subfield>
    <subfield code="b">IC</subfield>
    <subfield code="c">GEN</subfield>
    <subfield code="d">2025-11-22</subfield>
    <subfield code="g">435.00</subfield>
    <subfield code="l">0</subfield>
    <subfield code="o">547.5 GRO</subfield>
    <subfield code="p">006578</subfield>
    <subfield code="r">2025-11-22 14:35:23</subfield>
    <subfield code="w">2025-11-22</subfield>
    <subfield code="y">BK</subfield>
  </datafield>
</record>
